• 首页
  • 本馆介绍
  • 公告通知
  • 最新文献
  • 馆藏检索
  • 电子资源
  • 读者导购
  • 参考咨询
  • 我的图书馆
  • 登录
  • 详细信息显示
  • 放入我的书架
  • 预约/预借图书
  • 作者相关作品
  • 分类相关作品
  • 丛书相关作品
  • 出版社相关作品

书目信息

  • 表格格式
  • 工作单格式
  • 卡片格式
题名:
世界文物市场
    
 
作者: 谷菽 , 张兆祥 编著
分册:  
出版信息: 北京   中国大百科全书出版社  1995
页数: 146页
开本: 19cm
丛书名: 世界市场全书
单 册:
中图分类: F740.2
科图分类:
主题词: 文物--市场--世界
电子资源:
ISBN: 7-5000-5483-1
000 00833nnam 2200253 45
001 0196017514
005 20061031112058.98
010    @a7-5000-5483-1@dCNY98.80(合计)
100    @a19950712d1995 em y0chiy0121 ea
101 0  @achi
102    @aCN@b110000
105    @ay z 000yy
200 10 @a世界文物市场@ASHI JIE WEN WU SHI CHANG@f谷 菽,张兆祥编著@FGU SHU , ZHANG ZHAO XIANG BIAN ZHU
210    @a北京@c中国大百科全书出版社@d1995
215    @a146页@d19cm
225 2  @a世界市场全书@dThe world market series@zeng@i世界文化市场全书@v43
410  0 @120010@a世界市场全书
517 1  @a世界文化市场全书@ASHI JIE WEN HUA SHI CHANG QUAN SHU
606    @a文物@x市场@y世界
690    @aF740.2
701  0 @a谷菽@AGU SHU@4编著
701  0 @a张兆祥@AZHANG ZHAO XIANG@4编著
801  0 @aCN@bTSSF@c20061031
905    @a10447@dF740.2@e12:6
    
    世界文物市场/谷 菽,张兆祥编著.-北京:中国大百科全书出版社,1995
    146页;19cm.-(世界市场全书=The world market series.世界文化市场全书;43)
    
    
    ISBN 7-5000-5483-1:CNY98.80(合计)
    
●
相关链接 在E读中查询图书 在五车中查询图书 在当当中查询图书 在豆瓣中查询图书


正题名:世界文物市场     索取号:F740.2/12:6         预约/预借

序号 登录号 条形码 馆藏地/架位号 状态 备注
1 0275776   002058043   第一样本阅览室/ [索取号:F740.2/12:6] 在馆    
唐山师范学院图书馆 欢迎您!
大连网信软件有限公司© 版权所有